Komparácia CPI Slovenskej republiky so štátmi eurozóny

Korupcia a vnímanie korupcie. Index vnímania korupcie v podmienkach Slovenskej republiky a jeho komparácia s krajinami EÚ 27. Hodnotenie krajín EÚ podľa Indexu vnímania korupcie 2008. Vývoj Indexu vnímania korupcie v členských krajinách EÚ 27.

Gespeichert in:
Bibliographische Detailangaben
1. Verfasser: Vongrej, Marián
Format: Buchkapitel
Sprache:Slowakisch
Schlagworte:
Tags: Tag hinzufügen
Keine Tags, Fügen Sie das erste Tag hinzu!

MARC

LEADER 00000nla$a2200000$$$4500
001 0108341
005 20240502072208.9
041 0 |a slo 
044 |a SK 
245 1 0 |a Komparácia CPI Slovenskej republiky so štátmi eurozóny  |c Marián Vongrej 
520 |a Korupcia a vnímanie korupcie. Index vnímania korupcie v podmienkach Slovenskej republiky a jeho komparácia s krajinami EÚ 27. Hodnotenie krajín EÚ podľa Indexu vnímania korupcie 2008. Vývoj Indexu vnímania korupcie v členských krajinách EÚ 27. 
610 2 0 |a korupcia 
610 2 0 |a indexy 
610 2 0 |a Slovensko 
610 2 0 |a eurozóna 
100 1 |a Vongrej, Marián